000 00282nam a22001337a 4500
020 _a997151348X
082 _a005.82
100 _aSCHNEIER BRUCE
245 _aAPPLIED CRYPTOGRAPHY
250 _a2ND ED.
260 _aINDIA
_bJOHN WILEY AND SONS
_c2002
300 _a758
942 _cBK
999 _c23264
_d23264